Psychological sense of community (Registro nro. 302676)

Detalles MARC
000 -ENCABEZADO
Número de control [NR] 04303cam a2200349Ii 4500
005 - FECHA Y HORA DE LA ÚLTIMA TRANSACCIÓN
control field 20180312112704.0
008 - DE LONGITUD FIJA DE DATOS DE ELEMENTOS - INFORMACIÓN GENERAL
Elementos de longitud fija [NR] 160218s2002 xxu frb 001 0 eng d
020 ## - NUMERO INTERNACIONAL NORMALIZADO PARA LIBROS [R]
Número Internacional Normalizado del libro [NR] 9781461507192
020 ## - NUMERO INTERNACIONAL NORMALIZADO PARA LIBROS [R]
Número Internacional Normalizado del libro [NR] 9781461352099
020 ## - NUMERO INTERNACIONAL NORMALIZADO PARA LIBROS [R]
ISBN Cancelado/ Invalidado [R] 1461507197
035 ## - NUMERO DE CONTROL DEL SISTEMA [R]
Número de control del sistema [NR] (OCoLC)852788571
040 ## - FUENTE DE CATALOGACION [NR]
Agencia de catalogación original [NR] Co-BoUCM
Idioma de catalogación [NR] eng
Quien Cataloga Saul Niño
Quien Clasifica Saul Niño
041 ## - CODIGO DE IDIOMA [R]
Código de idioma para texto/pista de sonido o título separado [R] Inglés
245 00 - MENCION DE TITULO [NR]
Título [NR] Psychological sense of community
Parte restante del título [NR] research, applications, and implications
Mención de responsabilidad, etc. [NR] edited by Adrian T. Fisher, Christopher C. Sonn, and Brian J. Bishop.
260 ## - PUBLICACION, DISTRIBUCION, ETC. (PIE DE IMPRENTA) [R]
Lugar de publicación, distribución, etc. [R] New York (Estados Unidos)
Nombre del editor, distribuidor, etc. [R] Kluwer Academic/Plenum Publishers
Fecha de publicación, distribución, etc. [R] 2002
300 ## - DESCRIPCION FISICA [R]
Extensión [R] xiii, 339 páginas
490 0# - MENCION DE SERIE [R]
Mención de serie [R] The Plenum series in social/clinical psychology
ISBN [NR] 1568-2528
504 ## - NOTA DE BIBLIOGRAFIA, ETC. [R]
Nota de bibliografía, etc. [NR] Incluye referencias bibliográficas e índices
505 0# - NOTA DE CONTENIDO CON FORMATO PREESTABLECIDO [R]
Nota de contenido con formato preestablecido [NR] Psychological sense of community : theory, research, and application / Kimberly D. Bess, Adrian T. Fisher, Christopher C. Sonn, Brian J. Bishop -- Psychological home / Sandra T. Sigmon, Stacy R. Whitcomb, C.R. Snyder -- Presumptive planning : from urban design to community creation in one move? / Jean Hillier -- Community, sense of community, and networks / Joseph Hughey, Paul W. Speer -- Sense of community of young women in custody / Tomi Redman, Adrian T. Fisher -- Sense of community among Oxford house residents recovering from substance abuse : making a house a home / Joseph R Ferrari, Leonard A. Jason, Bradley D. Olson, Margaret I. Davis, Josefina Alvarez -- Sense of community in a university setting : campus as workplace / Beverly B. Mahan, Wendy M. Garrard, Susan E Lewis, John R. Newbrough -- Being church and community : psychological sense of community in a local parish / Ron Miers, Adrian T. Fisher -- Sense of community in the school : listening to students' voices / Helen Vrailis Bateman -- Young people's development of the community-minded self : considering community identity, community attachment and sense of community / Grace M.H. Pretty -- Immigrant adaptation : understanding the process through sense of community / Christopher C. Sonn -- MOOing till the cows come home : the search for sense of community in virtual environments / Lynne Roberts, Leigh Smith, Clare Pollock -- Contemporary aboriginal perceptions of community / Pat Dudgeon, John Mallard, Darlene Oxenham, John Fielder -- Sense of community in rural communities : a mixed methodological approach / Brian J. Bishop, Sheridan Coakes, Pam D'Rozario -- Neighborhood sense of community and social capital : a multi-level analysis / Douglas D. Perkins, D. Adam Long -- Expanding the conceptualization of PSOC / Anne E. Brodsky, Colleen Loomis, Christine M. Marx.
520 ## - NOTA DE RESUMEN, ETC. [R]
Nota de sumario, etc. [NR] In this book, the authors have explored a series of different types of communities - moving from the basic idea of those based at a specific location all the way to virtual communities of the internet. The ways in which the communities operate, positively and negatively, what people get out of them and what they have to put into them, and the notion of being members of more than one community at the one time are considered. Sense of community is a topic that captures the attention of people from all types of backgrounds. So, contributors from fields such as community psychology, clinical areas, community development, and urban planning have added their insights and knowledge. A key feature of this book is the research focus that emphasizes the theory-driven analyses and the diversity of contexts in which sense of community is applied. This book will make a significant contribution to our understanding of life in communities and to people's sense of community. It will be of great interest to those concerned with understanding various forms of community and how communities can be mobilized to achieve wellbeing.
546 ## - NOTA DE IDIOMA [R]
Nota de idioma [NR] Texto en ingles
650 #7 - ASIENTO SECUNDARIO DE MATERIA - TERMINO TEMATICO [R]
Término temático o nombre geográfico como elemento de entrada [NR] Comunidades
9 (RLIN) 11410
650 #7 - ASIENTO SECUNDARIO DE MATERIA - TERMINO TEMATICO [R]
Término temático o nombre geográfico como elemento de entrada [NR] Psicología de la comunidad
9 (RLIN) 22809
650 #7 - ASIENTO SECUNDARIO DE MATERIA - TERMINO TEMATICO [R]
Término temático o nombre geográfico como elemento de entrada [NR] Psicología social
9 (RLIN) 22856
650 #7 - ASIENTO SECUNDARIO DE MATERIA - TERMINO TEMATICO [R]
Término temático o nombre geográfico como elemento de entrada [NR] Cultura y sociedad
9 (RLIN) 12414
Subdivisión general [R] Aspectos psicológicos
690 #0 - ASUNTO AGREGADO LOCAL DE ENTRADA - TÉRMINO TEMÁTICO (OCLC, RLIN)
Acceso temático local Sociología
9 (RLIN) 386
700 1# - ASIENTO SECUNDARIO - NOMBRE PERSONAL [R]
Nombre personal [NR] Fisher, Adrian T.
Fechas asociadas con el nombre [NR] 1954-
Término de relación [R] editor
9 (RLIN) 75603
700 1# - ASIENTO SECUNDARIO - NOMBRE PERSONAL [R]
Nombre personal [NR] Sonn, Christopher C.,
Fechas asociadas con el nombre [NR] 1967-
Término de relación [R] editor
9 (RLIN) 75604
700 1# - ASIENTO SECUNDARIO - NOMBRE PERSONAL [R]
Nombre personal [NR] Bishop, Brian J.,
Fechas asociadas con el nombre [NR] 1946-
Término de relación [R] editor
9 (RLIN) 75605
942 ## - ELEMENTOS DE ENTRADA AGREGADOS (KOHA)
Sistema de clasificación DEWEY
Tema principal Sociología
Tipo de ítem principal el descrito en 300a Libro
Edición 1
Clasificación 302.1
Parte restante de la signatura top. P995ps
Título oculto en OPAC No
Existencias
Fecha de último préstamo Total préstamos Signatura topográfica Código de barras Última vez visto Ejemplar Costo de reposición Price effective from Tipo de ítem Perdido Sistema de clasificación Dañado No prestable Tipo de ítem específico Suprimido Ubicación habitual Ubicación actual Localización Fecha de creación Proveedor Forma de adquisición Costo
19/01/2026 10 302.1 P995ps 200028955 19/01/2026 Ej.1 536804.00 17/02/2016 Libro de reserva   DEWEY     Libro de reserva   Quinta de Mutis Quinta de Mutis Mezanecs 17/02/2016 15 Compra 536804.00